Les plus grands stades de football d'Italie - Statistiques

Statistiques générales
  • Ce quiz a été pris 58 fois
  • Le résultat moyen est 5 sur 20
Statistiques - réponses
Capacité Stade % Correct
80,018 San Siro
100%
41,570 Juventus Stadium
90%
70,634 Stadio Olimpico
76%
54,726 Stadio Diego Armando Maradona
69%
43,147 Stadio Artemio Franchi
22%
58,270 Stadio San Nicola
22%
33,205 Stadio Luigi Ferraris
20%
38,279 Stadio Renato Dall'Ara
16%
39,371 Stadio Marc'Antonio Bentegodi
14%
27,958 Stadio Olimpico Grande Torino
8%
31,300 Stadio Arechi
6%
36,349 Stadio Renzo Barbera
6%
38,772 Stadio San Filippo
6%
31,533 Stadio Via del Mare
6%
30,000 Stadio Flaminio
2%
32,420 Stadio Nereo Rocco
2%
27,584 Stadio Erasmo Iacovone
0%
32,336 Stadio Euganeo
0%
27,543 Stadio Oreste Granillo
0%
28,000 Stadio Renato Curi
0%
Aucun quiz correspondant
Distribution des résultats
% des personnes avec chaque résultat
Percentile par nombre de réponses
Votre historique - résultats
Vous n’avez pas pris ce quiz